000 00599nam a2200241Ia 4500
003 OSt
005 20220924150920.0
006 a|||||r|||| 00| 0
007 ta
008 220923b |||||||| |||| 00| 0 tel d
020 _c8.00
024 _a335197
037 _cTextual
040 _aARTS
_cARTS
_btel
041 _2tel
_atel
082 _a035,3NAC,1, M0
100 _aValli Achuyuta Au.
_9223224
245 0 _aIdekkadi nyayam
260 _c1980
650 _aTELUGU FICTION
942 _h035,3NAC,1, M0
_cTEXL
_2CC
999 _c464981
_d464981